000 00469nam a2200181Ia 4500
001 24323
005 20260414151035.0
008 260414t2022||||xx |||||||||||||| ||spa||
041 _aESP
082 _a345.3
_bD84
100 _aDivisión de Estudios Jurídicos de Gaceta Jurídica
_eAUT
245 0 _aLa prueba penal en la jurisprudencia
_b
260 _c2022
300 _a429 páginas :
_c25 cm.
650 _aDER
654 _aCDE
942 _cLIB
_dJUS
_fJUS
_2ddc
_n
999 _c24323
_d24323